El pensamiento marxista y el derecho /

Bibliographic Details
Main Author: Stoyanovitch, K (Author)
Other Authors: Agurto Gonzáles, Carlos Antonio (Editor), Quequejana Mamani, Sonia Lidia (Editor), Choque Cuenca, Benigno (Editor), López Acotto, Andrés (Translator), Stoyanovitch, K.
Format: Electronic eBook
Language:Spanish
French
Published: Santiago de Chile : Ediciones Olejnik, [2022].
Series:Biblioteca de filosofía del derecho.
Subjects:
Online Access:Digitalia Hispánica

MARC

LEADER 00000nam a2200000 i 4500
001 DIGOLEJNK1225
003 NyNyDIG
007 cr |||||||||||
008 250408s2022 cl ob 000 0 spa d
006 m o d
035 |a (OCoLC)1427227340 
040 |a DGITA  |b eng  |e rda  |e pn  |c DGITA 
020 |z 9789564072289 
041 1 |a spa  |h fre 
050 1 4 |a K357 ebook 
100 1 |a Stoyanovitch, K,  |e author. 
240 1 0 |a Pensée marxiste et le droit.  |l Spanish  |s (López Acotto) 
245 1 3 |a El pensamiento marxista y el derecho /  |c Konstantin Stoyanovitch ; edición al cuidado de Carlos Antonio Agurto Gonzáles, Sonia Lidia Quequejana Mamani, Benigno Choque Cuenca ; traducción de Andrés López Acotto. 
264 1 |a Santiago de Chile :  |b Ediciones Olejnik,  |c [2022]. 
336 |a text  |b txt  |2 rdacontent 
337 |a computer  |b c  |2 rdamedia 
338 |a online resource  |b cr  |2 rdacarrier 
347 |a text file  |2 rdaft 
347 |b PDF 
490 1 |a Biblioteca de filosofía del derecho 
504 |a Includes bibliographical references. 
588 0 |a Online resource; title from PDF title page (Digitalia, viewed April 8, 2025) 
650 0 |a Law and socialism. 
700 1 |a Agurto Gonzáles, Carlos Antonio,  |e editor. 
700 1 |a Quequejana Mamani, Sonia Lidia,  |e editor. 
700 1 |a Choque Cuenca, Benigno,  |e editor. 
700 1 |a López Acotto, Andrés,  |e translator. 
700 1 |i Translation of:  |a Stoyanovitch, K.  |t Pensée marxiste et le droit. 
791 2 |a Digitalia (Firm),  |e distributor. 
793 0 |g Digitalia eBook Collection:  |a Ediciones Olejnik 
776 0 8 |i Print version:  |a Stoyanovitch, K.  |s Pensée marxiste et le droit. Spanish (López Acotto).  |t Pensamiento marxista y el derecho.  |b Primera Edición en Ediciones Olejnik.  |d Santiago de Chile : Ediciones Olejnik, [2022]  |z 9789564072289 
830 0 |a Biblioteca de filosofía del derecho. 
856 4 0 |3 Digitalia Hispánica  |u https://www.digitaliapublishing.com/a/157731/ 
910 |a Premium collection: 2025